000
00214nam a22000857a 4500
008
170118b xxu||||| |||| 00| 0 eng d
100
_9
2461
_a
Sood.K.
245
_a
General Knowledge-8
260
_a
New Delhi
_b
Dhanapat
_c
2013
999
_c
5522
_d
5522